000 02152nam a2200229 4500
003 co-ctgcurn
005 20250329165502.0
008 180709s2018 000 0 eng d
040 _aCO-CtgCURN
_bspa
_ccoctgcurn
082 0 _aODO 2018
_bD542
100 1 _aDíaz Londoño, Manuel Eduardo.
245 1 0 _aPrevalencia de dientes supernumerarios en radiografias panoramicas entre los años 2010 al 2016 en dos centros radiologicos de cartagena de indias /
_cManuel Eduardo Díaz Londoño; Investiogadora Sindy Tetay Lozano.
260 _aCartagena de Indias :
_bCorporación Universitaria Rafael Nuñez,
_c2018.
300 _a50 h.
504 _aTrabajo de grado (Odontologia). Corporación Universitaria Rafael Nuñez. Facultad de Ciencias de la salud. Odontologia, 2018.
520 _aLos dientes supernumerarios son dientes adicionales que se desarrollan en los maxilares y son poco frecuentes en la poblacion; los casos con multiples dientes supernumerarios son mucho mas inusuales. Los dientes supernumerarios son aquellos que exceden la formula dental habitual, existen diferentes clasificaciones dependiendo de su localizacion anatomica, forma y numero; la hiperactividad de las celulas epiteliales de la lamina dental y la dicotomia son las teorias mas aceptadas de su etiologia. El hallazgo de esta alteracion dental se detecta frecuentemente durante el examen radiografico de rutina. Objetivo: determinar la prevalencia de dientes retenidos, supernumerarios y mesiodens en una muestra de radiografias panoramicas. El diagnóstico y el tratamiento de estas piezas se hace necesario para evitar complicaciones posteriores que pudieran alterar el arco dental. Palabras clave: diente supernumerario; procedimientos quirurgicos orales.
650 0 _aOdontologia
_vTesis y disertaciones academicas.
700 1 _aTetay Salgado, Sindy,
_eInvestigador.
856 _uhttps://unicurn.sharepoint.com/:b:/s/biblioteca/EW-nypaO-E5NhSVqKqh8ZIAB6CKDlJpMOl8aGzjfornitw?e=KglJL6
_zClick aqui para ver el recurso en texto completo
942 _2ddc
_cTG
_hODO 2018
_iD542
999 _c5569
_d5569